Slope stability and foundation investigation. (Record no. 547512)

000 -LEADER
fixed length control field 00742cam a22001691 4500
082 00 - DEWEY DECIMAL CLASSIFICATION NUMBER
Classification number 625.732
Author Mark SLO
110 1# - MAIN ENTRY--CORPORATE NAME
Corporate name or jurisdiction name as entry element California.
9 (RLIN) 43698
245 10 - TITLE STATEMENT
Title Slope stability and foundation investigation.
Statement of responsibility, etc. Prepared by personnel of the Materials and Research Dept., California Division of Highways.
260 ## - PUBLICATION, DISTRIBUTION, ETC.
Place of publication, distribution, etc. Berkeley,
Name of publisher, distributor, etc. University of California [Institute of Transportation and Traffic Engineering]
Date of publication, distribution, etc. 1967.
300 ## - PHYSICAL DESCRIPTION
Extent v, 109 p.
Other physical details illus., plans.
Dimensions 28 cm.
490 0# - SERIES STATEMENT
Series statement Institute of Transportation and Traffic Engineering. Course notes
526 ## - STUDY PROGRAM INFORMATION NOTE
Program name 0
Interest level 0
Reading level 0
Title point value 625_732000000000000_SLO
650 #0 - SUBJECT ADDED ENTRY--TOPICAL TERM
Topical term or geographic name entry element MCE
9 (RLIN) 379
650 #0 - SUBJECT ADDED ENTRY--TOPICAL TERM
Topical term or geographic name entry element Slopes (Soil mechanics)
9 (RLIN) 37705
710 2# - ADDED ENTRY--CORPORATE NAME
Corporate name or jurisdiction name as entry element Institute of Transportation and Traffic Engineering.
9 (RLIN) 43699
942 ## - ADDED ENTRY ELEMENTS (KOHA)
Source of classification or shelving scheme
Koha item type Book
Holdings
Withdrawn status Lost status Source of classification or shelving scheme Damaged status Not for loan Permanent Location Current Location Date acquired Total Checkouts Full call number Barcode Date last seen Price effective from Koha item type
          Military College of Engineering (MCE) Military College of Engineering (MCE) 07/21/2014   625.732 SLO MCE-42941 07/21/2014 07/21/2014 Book
© 2023 Central Library, National University of Sciences and Technology. All Rights Reserved.